| 000 | 00000nam##2200000za#4500 |
| 001 | 9.644087 |
| 003 | CaOODSP |
| 005 | 20210903143352 |
| 007 | cr ||||||||||| |
| 008 | 150407|2014||||xxc|||||o f|0| 0 fre|d |
| 020 | |a978-0-660-23093-1 |
| 040 | |aCaOODSP|bfre |
| 043 | |an-cn--- |
| 086 | 1 |aTT4-41/2014F-PDF |
| 110 | 2 |aOffice des transports du Canada. |
| 245 | 10|aGuide de mise en Ĺ“uvre touchant les guichets libre-service automatisés |h[ressource électronique] |
| 260 | |aOttawa - Ontario : |bOffice des transports du Canada |cDécembre 2014. |
| 300 | |a16p. |
| 590 | |a15-11|b2015-03-13 |
| 691 | 07|aService à la clientèle|2gcpds |
| 775 | 08|tImplementation guide regarding automated self-service kiosks |w(CaOODSP)9.700177 |
| 856 | 40|ahttp://publications.gc.ca|qPDF|s233 Ko|uhttps://publications.gc.ca/collections/collection_2015/otc-cta/TT4-41-2014-fra.pdf |